Star Wars: Return of the Jedi Quotes - Statistics

General Stats
  • This quiz has been taken 51 times
  • The average score is 9 of 10
Answer Stats
Quotes Character % Correct
You were right. You were right about me. Tell your sister... you were right. Anakin
98%
I'll not leave you here. I've got to save you. Luke
98%
Strong am I with the Force, but not that strong. Yoda
98%
When that happened, the good man who was your father was destroyed. Ben Obi-Wan Kenobi
96%
Luke, don't talk that way. You have a power I don't understand and could never have. Leia
96%
3PO. You tell that slimy piece of worm-ridden filth, he'll get no such pleasure from us. Han Solo
93%
As you can see, my young apprentice, your friends have failed. Now witness the firepower of this fully ARMED and OPERATIONAL battle station! Emperor Palpatine
91%
You weak minded fool! He's using an old Jedi mind trick. Jabba the Hut
89%
We have no choice, General Calrissian! Our cruisers can't repel firepower of that magnitude! Admiral Ackbar
80%
In his belly you will find a new definition of pain and suffering as you are slowly digested over a thousand years. C-3PO
71%
No matching quizzes found
Score Distribution
Percent of People with Each Score
Percentile by Number Answered
Your Score History
You have not taken this quiz